000 03566cam a2200517 i 4500
001 0008004630
003 OSt
005 20260528202744.0
008 250620m20259999quc 000 f fre
020 _a9782897927790
_q(vol. 1)
020 _a9782897928520
_q(vol. 2)
020 _a2897927798
_q(vol. 1)
040 _aQMBN
_bfre
_erda
_cQMBN
_dQMBND
050 4 _aPS9631*
082 0 4 _aC843/.6
_bP422c
_223/fre/202511
_mb
082 0 4 _a843/.92
_bP422c
_223/fre/202511
082 0 4 _aC843/.92
_bP422c
_223/fre/202511
_mb
084 _aP 894cab v.2
_bP422c
_2z
091 0 _aPp̌in
100 1 _aPépin, Sandrine,
_d2003-
_eauteur
245 1 0 _aCampus bar / 2. Sous les projecteurs
_cSandrine Pépin et Marie Potvin
264 1 _a[Boucherville, Qub̌ec] :
_bDeMortagne,
_c[2025]-
300 _avolumes ;
_c23 cm
336 _atexte
_btxt
_2rdacontent
337 _asans mďiation
_bn
_2rdamedia
338 _avolume
_bnc
_2rdacarrier
500 _aL'ouvrage complet comprendra 3 volumes
505 1 0 _g1.
_tSortir de l'ombre --
_g2.
_tSous les projecteurs
520 _aLorsque Clara quitte les Sirènes du Saint-Laurent pour aller conquérir l’Europe, Jessica retrouve son ancien rôle, celui qu’elle n’a jamais vraiment maîtrisé : chanteuse principale du band. Bien que son aisance sur scène captive le public, sa voix, elle, trahit un manque flagrant de contrôle. De son côté, Nathan Crevier, tête d’affiche des Lucky Charms, est en crise existentielle. Depuis qu’il est populaire, sa vie n’est qu’une succession de soirées folles et de spectacles qui l’enfoncent dans la consommation. Déterminé à s’en sortir, il choisit de poursuivre en solo. Si seulement il réussissait à déjouer le syndrome de la page blanche qui l’empêche de composer de nouveaux hits…. Quand Nathan découvre le talent caché de Jess pour l’écriture, il lui propose un marché : si elle accepte de l’aider, il deviendra son coach de chant. Bien vite, leur arrangement se transforme en un tourbillon d’émotions intenses. Qui sait, peut-être que reconnaître leurs sentiments l’un pour l’autre sera la réponse à tous leurs problèmes…. SANDRINE PÉPIN est diplômée d’une technique professionnelle en musique, spécialisée en chant populaire. . MARIE POTVIN, pour sa part, a déjà signé plusieurs séries jeunesse populaires et romans grand public. . Mère et fille ont décidé d’allier leurs forces afin de nous présenter une trilogie de romance qui reflète la réalité des jeunes adultes d’aujourd’hui avec humour et émotions..
650 6 _aGestionnaires de portefeuille
_vRomans, nouvelles, etc.
650 6 _aChanteuses
_vRomans, nouvelles, etc.
650 6 _aMr̈es et fils
_vRomans, nouvelles, etc.
650 6 _aBars
_vRomans, nouvelles, etc.
650 6 _aEntreprises familiales
_vRomans, nouvelles, etc.
650 6 _aRetour au foyer
_vRomans, nouvelles, etc.
651 6 _aMontrǎl (Qub̌ec)
_vRomans, nouvelles, etc.
655 7 _aRomans qub̌čois
_y21e sic̈le
_2local
655 7 _aRomans sentimentaux
_2rvmgf
700 1 _aPotvin, Marie,
_d1971-
_eauteur
740 0 2 _aSortir de l'ombre
740 0 2 _aSous les projecteurs
942 _2ddc
_cROM ADULTE
999 _c18862
_d18862